|
|
|
|
| LEADER |
00890cam a2200253 7i4500 |
| 001 |
0000035951 |
| 005 |
20190408090000.0 |
| 007 |
##ta |
| 008 |
190408s2018 |
| 020 |
# |
# |
|a 9789251305652
|
| 040 |
# |
# |
|a MATR
|
| 090 |
0 |
0 |
|a I 338.1705
|b STA
|
| 245 |
0 |
4 |
|a The State of Agricultural Commodity Markets 2018 :
|b Agricultural Trade, Climate Change and Food Security.
|
| 264 |
# |
1 |
|a Rome, Italy:
|b Food and Agriculture Organization of the United Nations,
|c 2018.
|
| 300 |
# |
# |
|a xv, 92 pages:
|b illustrations;
|c 30 cm.
|
| 336 |
# |
# |
|a text
|2 rdacontent
|
| 337 |
# |
# |
|a unmediated
|2 rdamedia
|
| 338 |
# |
# |
|a volume
|2 rdacarrier
|
| 650 |
# |
0 |
|a Food industry and trade
|
| 650 |
# |
0 |
|a Food industry and trade
|
| 650 |
# |
0 |
|a Commodity exchanges
|
| 650 |
# |
0 |
|a Commodity exchanges
|
| 710 |
2 |
# |
|a Food and Agriculture Organization of the United Nations
|
| 999 |
|
|
|a 0000040448
|b Book
|c International
|e Business Information Centre
|